|
|
|
|
| LEADER |
00000nam a2200000Ii 4500 |
| 001 |
DIGUAZUAY0230 |
| 003 |
NyNyDIG |
| 006 |
m o d |
| 007 |
cr ||||||||||| |
| 008 |
250103s2023 ec ab o 000 p spa d |
| 035 |
|
|
|a (OCoLC)1491108633
|
| 040 |
|
|
|a DGITA
|b eng
|e rda
|e pn
|c DGITA
|
| 020 |
|
|
|a 9789942645265
|q eBook
|
| 020 |
|
|
|z 9789942645258
|
| 043 |
|
|
|a s-ec---
|
| 050 |
1 |
4 |
|a PQ8210 ebook
|
| 100 |
1 |
|
|a Vanégas C., Sara B.
|q (Sara Beatriz Vanégas Coveña),
|d 1950-
|e author.
|
| 245 |
1 |
3 |
|a La poesía ecuatoriana del siglo XX en su contexto histórico-literario :
|b (discurso de incorporación a la Academia Ecuatoriana de la Lengua, jueves 7 de diciembre de 2023, Salón de Honor de la Universidad del Azuay) /
|c Sara Vanégas Coveña.
|
| 264 |
|
1 |
|a Cuenca, Ecuador :
|b Universidad del Azuay, Casa Editora,
|c [2023]
|
| 300 |
|
|
|a 1 online resource :
|b illustrations, photographs.
|
| 336 |
|
|
|a text
|b txt
|2 rdacontent
|
| 337 |
|
|
|a computer
|b c
|2 rdamedia
|
| 338 |
|
|
|a online resource
|b cr
|2 rdacarrier
|
| 347 |
|
|
|a text file
|2 rdaft
|
| 347 |
|
|
|b PDF
|
| 504 |
|
|
|a Includes bibliographical references.
|
| 588 |
0 |
|
|a Online resource; title from PDF title page (Digitalia, viewed January 3, 2025)
|
| 650 |
|
0 |
|a Ecuadorian poetry
|z Ecuador
|y 20th century
|x History and criticism.
|
| 655 |
|
7 |
|a Poetry.
|2 lcgft
|
| 791 |
2 |
|
|a Digitalia (Firm),
|e distributor.
|
| 793 |
0 |
|
|g Digitalia eBook Collection:
|a Universidad del Azuay
|
| 776 |
0 |
8 |
|i Print version:
|a Vanégas C., Sara B. (Sara Beatriz Vanégas Coveña), 1950-
|t Poesía ecuatoriana del siglo XX en su contexto histórico-literario.
|d Cuenca, Ecuador : Universidad del Azuay, Casa Editora, [2023]
|z 9789942645258
|
| 856 |
4 |
0 |
|3 Digitalia Hispánica
|u https://www.digitaliapublishing.com/a/134021/
|
| 910 |
|
|
|a Premium collection: 2025
|